Virtually right? (Record no. 106579)

MARC details
000 -LEADER
fixed length control field 00847cam a2200217 4500
001 - CONTROL NUMBER
control field L137000
008 - FIXED-LENGTH DATA ELEMENTS--GENERAL INFORMATION
fixed length control field 070308s2007 xxk f 000 0 eng d
035 ## - SYSTEM CONTROL NUMBER
System control number (Sirsi) u137000
041 0# - LANGUAGE CODE
Language code of text/sound track or separate title eng
050 04 - LIBRARY OF CONGRESS CALL NUMBER
Classification number 526.9823 $2 18
110 2# - MAIN ENTRY--CORPORATE NAME
Corporate name or jurisdiction name as entry element Royal Institution of Chartered Surveyors
Subordinate unit Geomatics Faculty
9 (RLIN) 4352
245 00 - TITLE STATEMENT
Title Virtually right?
Remainder of title networked GPS
260 ## - PUBLICATION, DISTRIBUTION, ETC.
Date of publication, distribution, etc. 2007
520 ## - SUMMARY, ETC.
Summary, etc. Outlines what the new GPS Real Time Kinetic (RTK) networks are, how you can get the best from them, when to use them and what to look out for.
590 ## - LOCAL NOTE (RLIN)
Local note KA
650 24 - SUBJECT ADDED ENTRY--TOPICAL TERM
Topical term or geographic name entry element REAL TIME KINEMATIC GPS
651 #4 - SUBJECT ADDED ENTRY--GEOGRAPHIC NAME
Geographic name England and Wales
Chronological subdivision 1543-
690 ## - LOCAL SUBJECT ADDED ENTRY--TOPICAL TERM (OCLC, RLIN)
Topical term or geographic name as entry element ENVIRONMENTAL AND LAND CONSULTANCY-GEOMATICS
856 48 - ELECTRONIC LOCATION AND ACCESS
Uniform Resource Identifier <a href="https://www.rics.org/site/download_feed.aspx?fileID=3104&fileExtension=PDF">https://www.rics.org/site/download_feed.aspx?fileID=3104&fileExtension=PDF</a>
Public note View the guide free of charge online at www.rics.org
942 ## - ADDED ENTRY ELEMENTS (KOHA)
Suppress in OPAC 0
Holdings
Withdrawn status Lost status Source of classification or shelving scheme Damaged status Not for loan Home library Current library Shelving location Date acquired Total Checkouts Full call number Barcode Date last seen Copy number Price effective from Koha item type
    Dewey Decimal Classification     London London RICS Boxes 15/03/2007   RICS 2006/57 30071643 06/08/2019 1 06/08/2019 Archive
    Dewey Decimal Classification     London London RICS Boxes 15/03/2007   RICS 2006/57 30071645 06/08/2019 1 06/08/2019 Reference material
    Dewey Decimal Classification     London London RICS Boxes 15/03/2007   RICS 2006/57 30071646 06/08/2019 2 06/08/2019 Book
    Dewey Decimal Classification     Virtual Virtual Online 08/03/2007   ONLINE PUBLICATION 137000-1001 06/08/2019 1 06/08/2019 Book